The stories told by the Prophet SAW (Record no. 133183)

MARC details
000 -LEADER
fixed length control field 00812nam a2200265 i 4500
001 - CONTROL NUMBER
control field C2-0334755
003 - CONTROL NUMBER IDENTIFIER
control field PPAK
005 - DATE AND TIME OF LATEST TRANSACTION
control field 20180728134459.0
008 - FIXED-LENGTH DATA ELEMENTS--GENERAL INFORMATION
fixed length control field 151119s2015 my a|||| ||||| | eng d
020 ## - INTERNATIONAL STANDARD BOOK NUMBER
International Standard Book Number 9789670880020
040 ## - CATALOGING SOURCE
Original cataloging agency PPAK
Language of cataloging eng
Transcribing agency PPAK
Description conventions rda
082 04 - DEWEY DECIMAL CLASSIFICATION NUMBER
Classification number 297.18
Edition number 23
090 00 - LOCALLY ASSIGNED LC-TYPE CALL NUMBER (OCLC); LOCAL CALL NUMBER (RLIN)
Classification number (OCLC) (R) ; Classification number, CALL (RLIN) (NR) 297.18
Feature heading KAU
Feature heading K
100 0# - MAIN ENTRY--PERSONAL NAME
Personal name Al-Kautsar bin Hidzir,
Relator term author
245 14 - TITLE STATEMENT
Title The stories told by the Prophet SAW
264 #1 - PRODUCTION, PUBLICATION, DISTRIBUTION, MANUFACTURE, AND COPYRIGHT NOTICE
Place of production, publication, distribution, manufacture Hulu Selangor, Selangor :
Name of producer, publisher, distributor, manufacturer Darul Mughni Trading ,
Date of production, publication, distribution, manufacture, or copyright notice 2015
300 ## - PHYSICAL DESCRIPTION
Extent 178 pages :
Other physical details colour illustrations ;
Dimensions 25 cm
336 ## - CONTENT TYPE
Source rdacontent
Content type term text
337 ## - MEDIA TYPE
Source rdamedia
Media type term unmediated
338 ## - CARRIER TYPE
Source rdacarrier
Carrier type term volume
500 ## - GENERAL NOTE
General note Original title : Rasulullah SAW Pernah Bercerita.
650 10 - SUBJECT ADDED ENTRY--TOPICAL TERM
Topical term or geographic name entry element Qur'an stories ; Islamic stories, Malay
700 ## - ADDED ENTRY--PERSONAL NAME
Relator term author
942 ## - ADDED ENTRY ELEMENTS (KOHA)
-- dc
Koha item type Book
Holdings
Withdrawn Not for loan Current library Shelving location Date acquired Total Checkouts Total Renewals Full call number Barcode Date last seen Date last checked out Koha item type Checked out
    Perpustakaan Alor Setar Pinjaman Kanak-kanak 06/12/2015 12 2 K 297.18 KAU A01474323 01/01/2026 21/12/2025 Book  
    Perpustakaan Awam Sungai Petani Pinjaman Kanak-kanak 06/12/2015 23 3 K 297.18 KAU A01474324 20/04/2026 20/04/2026 Book 02/06/2026
    Perpustakaan Baling Pinjaman Kanak-kanak 06/12/2015 4 2 K 297.18 KAU A01474330 28/08/2024 14/08/2024 Book  
    Perpustakaan Bandar Baharu Pinjaman Kanak-kanak 06/12/2015 1 1 K 297.18 KAU A01474331 27/03/2025 06/02/2025 Book  
    Perpustakaan Jitra Pinjaman Kanak-kanak 06/12/2015 3 1 K 297.18 KAU A01474325 14/03/2026 21/02/2026 Book  
    Perpustakaan Kuala Nerang Pinjaman Kanak-kanak 06/12/2015 3 1 K 297.18 KAU A01474332 23/12/2024 02/12/2024 Book  
    Perpustakaan Kulim Pinjaman Kanak-kanak 06/12/2015 2 1 K 297.18 KAU A01474327 15/07/2023 17/06/2023 Book  
    Perpustakaan Kulim Pinjaman Kanak-kanak 06/12/2015 6 2 K 297.18 KAU A01474333 27/07/2025 07/07/2025 Book  
    Perpustakaan Langkawi Pinjaman Kanak-kanak 06/12/2015 3   K 297.18 KAU A01474326 12/02/2026 22/01/2026 Book  
    Perpustakaan Merbok Pinjaman Kanak-kanak 06/12/2015 1   K 297.18 KAU A01474334 23/08/2025 02/08/2025 Book  
    Perpustakaan Pendang Pinjaman Kanak-kanak 06/12/2015 1 1 K 297.18 KAU A01474335 03/11/2022 06/10/2022 Book  
    Perpustakaan Sik Pinjaman Kanak-kanak 06/12/2015 1   K 297.18 KAU A01474329 13/08/2020 29/07/2020 Book  
    Perpustakaan Yan Pinjaman Kanak-kanak 06/12/2015     K 297.18 KAU A01474328 09/05/2018   Book